000 01248cab a2200445 4500
001 ABS54516
008 090401t1996 xxu||||| |||| 00| 0 eng d
035 _a(Sirsi) u10925
041 _aeng
245 _aMarket report: Herts, Beds & Bucks
260 _c1996
350 _a0
490 _aProperty Week
_v54(6) 8 February 1996, 42-63(11)
650 _aAYLESBURY
650 _aBEDFORD
650 _aBEDFORDSHIRE DEVELOPMENT AGENCY
650 _aBEDFORDSHIRE
650 _aBOREHAMWOOD
650 _aBUCKINGHAMSHIRE
650 _aDUNSTABLE
650 _aHATFIELD
650 _aHEMEL HEMPSTEAD
650 _aHERTFORDSHIRE
650 _aHIGH WYCOMBE
650 _aINDUSTRIAL MARKET
650 _aINVESTMENT MARKET
650 _aINWARD INVESTMENT
650 _aLUTON
650 _aM40 CORRIDOR
650 _aMILTON KEYNES
650 _aPROPERTY-COMMERCIAL PROPERTY-OFFICE PROPERTY-OFFICE PROPERTY MARKET
650 _aPROPERTY-COMMERCIAL PROPERTY-RETAIL PROPERTY-RETAIL PROPERTY MARKET
650 _aSTEVENAGE
650 _aSUPPLY AND DEMAND
650 _aWATFORD
650 _aWELWYN GARDEN CITY
690 _aPROPERTY-COMMERCIAL PROPERTY-COMMERCIAL PROPERTY MARKET
942 _n0
948 _c04/03/1997
999 _c6957
_d6957